| 000 | 01074nam a22002657a 4500 | ||
|---|---|---|---|
| 999 |
_c20842 _d20842 |
||
| 005 | 20200211164754.0 | ||
| 008 | 200211b xxu||||| |||| 00| 0 spa d | ||
| 040 |
_aCO-BoIAVH _cCO-BoIAVH |
||
| 041 | _aeng | ||
| 044 | _axxu | ||
| 110 | _aGEO BON Working Group 2 | ||
| 245 |
_aDeveloping National Species Monitoring for the Aichi Targets _cGEO BON y otros colaboradores |
||
| 260 |
_as.f: _bGEOBON, _c2013. |
||
| 300 |
_a8 páginas, _bFotografías a color, _c29.6 x 21 cm |
||
| 504 | _aReferencias (página 8) | ||
| 650 | 0 |
_aBiodiversidad _xConservación |
|
| 650 | 0 | _aMonitoreo ambiental | |
| 650 | 0 | _aMetas AICHI | |
| 650 | 0 | _aProtección del medio ambiente | |
| 700 |
_aLondoño-Murcia, Maria Cecilia _qInstituto de Investigación de Recursos Biológicos Alexander von Humboldt |
||
| 710 | _aCouncil for Scientific and Industrial Research (CSIR) | ||
| 710 | _aRoyal Society for the Protection of Birds | ||
| 710 | _aGerman Centre for Integrative Biodiversity Research | ||
| 942 |
_2z _cFolleto |
||